01126nam a2200277Ia 4500001001200000003000800012006001900020007001500039008004100054020001500095040002100110035002000131050002700151245009000178260005900268300001100327490005000338533015200388650003300540650004200573655002900615710001700644830004400661856012600705999001700831ebr10058621CaPaEBRm u cr cn|||||||||040102s2004 enk s 000 0 eng d z0861769341 aCaPaEBRcCaPaEBR a(OCoLC)7073888414aTK5105.59b.N48 2004eb00aNetwork and security issues for internet mobile entertainmenth[electronic resource]. aBradford, England :bEmerald Group Publishing,cc2004. a104 p.1 aThe Electronic Library. Number 1 ;vVolume 22 aElectronic reproduction.bPalo Alto, Calif. :cebrary,d2009.nAvailable via World Wide Web.nAccess may be limited to ebrary affiliated libraries. 0aInternetxSecurity measures. 0aComputer networksxSecurity measures. 7aElectronic books.2local2 aebrary, Inc. 0aElectronic Library.nNumber 1 ;vv. 22.40uhttp://site.ebrary.com/lib/rucke/Doc?id=10058621zAn electronic book accessible through the World Wide Web; click to view c69532d69532